What State Do These Colleges Reside In? Quiz Stats

 Plays Quiz not verified by Sporcle

Challenge
Share
Tweet
Embed
Score 0/29 Timer 05:00
0 Plays Today
% Correct
North Carolina
94.1%
Utah
93.1%
New York
93.1%
Indiana
91.2%
Tennessee
91.2%
Massachusetts
91.2%
California
91.2%
Texas
90.2%
Idaho
90.2%
South Carolina
89.2%
New Jersey
88.2%
Illinois
88.2%
Washington D.C.
88.2%
Pennsylvania
87.3%
Wisconsin
87.3%
% Correct
Connecticut
86.3%
Colorado
83.3%
Washington
83.3%
Ohio
77.5%
Nebraska
76.5%
Georgia
73.5%
Alabama
68.6%
Virginia
64.7%
Louisiana
63.7%
Kentucky
61.8%
Mississippi
57.8%
Florida
55.9%
Oregon
52%
North Dakota
39.2%

You're not logged in!

Compare scores with friends on all Sporcle quizzes.
OR
Log In

You Might Also Like...

Show Comments

Extras

Top Quizzes Today


Score Distribution

Your Account Isn't Verified!

In order to create a playlist on Sporcle, you need to verify the email address you used during registration. Go to your Sporcle Settings to finish the process.

Report this User

Report this user for behavior that violates our Community Guidelines.

Details: